00456nam a2200193Ia 4500003000400000005001700004008004100021020002200062040000700084041001200091082002100103100001800124245003000142250000600172260003000178300001800208365001700226650001900243OSt20251103132540.0210423s2021 xx 000 0 und d a978-0-367-42177-9 cAL aEnglish a343.41099 bSMAM aUrsula Smartt aMedia law for journalists a2 aNew YorkbRoutledgec2021 axliii,286bPB b3434.26cINR aMass Media Law